Diferenciální rovnice v komplexním oboru /

Gespeichert in:
Bibliographische Detailangaben
1. Verfasser: Jarník, Vojtěch (Verfasst von)
Format: Buch
Sprache:Tschechisch
Veröffentlicht: Praha : Academia, 1975
Schlagworte:
Tags: Tag hinzufügen
Keine Tags, Fügen Sie das erste Tag hinzu!

MARC

LEADER 00000nam a22000003a 4500
001 stu30821
005 20150617225735.0
008 910523s1975----cs------------------cze-d
040 |a STU  |b slo 
041 0 |a cze 
044 |a cs 
080 |a 517.9  |7 A000003291 
100 1 |a Jarník, Vojtěch  |4 aut 
245 1 |a Diferenciální rovnice v komplexním oboru /  |c [aut.] Jarník,Vojtěch 
260 |a Praha :  |b Academia,  |c 1975 
300 |a 283 s 
650 7 |a diferenciálne rovnice  |2 stusub 
996 |b J87300  |c J*87300  |l JJSK  |s A  |a 24  |w stu30821_0001 
996 |b J87301  |c J*87301  |l JJSK  |s A  |a 24  |w stu30821_0002 
996 |b 284J020348  |c J*44668  |l JJSK  |s A  |a 24  |w stu30821_0003 
996 |b 284J020349  |c J*44669  |l JJSK  |s A  |a 24  |w stu30821_0004